| 000 | 01100nam a22002537a 4500 | ||
|---|---|---|---|
| 005 | 20170124103127.0 | ||
| 010 | _aB-138135 | ||
| 020 | _c90.00 | ||
| 035 | _aB-138135 | ||
| 037 | _bCen Lib/Ret | ||
| 040 |
_aDPL _bHN |
||
| 082 |
_a270 _bफारूक |
||
| 100 |
_aफारूक, अब्दुल गनी _983339 |
||
| 245 |
_aहम क्यों मुसलमान हुए? / _cअब्दुल गनी फारूक |
||
| 246 |
_aHum kyon musalman huye? / _bby Abdul Gani Faruk |
||
| 260 |
_aनयी दिल्ली _bमकतबा अल हसनात _c2004 |
||
| 270 |
_a2241, कूचा चेलान, दरियागंज _bनयी दिल्ली _e110002 |
||
| 300 |
_a255पृ. _c21सेमी (सजिल्द) |
||
| 650 |
_aधर्म--मुस्लिम धर्म _983340 |
||
| 650 |
_aधार्मिक निबंध--आलोचना _91886 |
||
| 650 |
_aReligion--Muslim religion _983341 |
||
| 650 |
_aReligious Essay--Criticism _983342 |
||
| 942 |
_2ddc _cHN _h270 _mफारुक |
||
| 999 |
_c119099 _d119099 |
||